| 000 | 00917cab a2200253 4500 | ||
|---|---|---|---|
| 001 | WB3314-25 | ||
| 008 | 090401t1997 xxu||||| |||| 00| 0 eng d | ||
| 035 | _a(Sirsi) u77670 | ||
| 041 | _aeng | ||
| 245 | _aCompanies ill prepared for EMU | ||
| 260 | _c1997 | ||
| 350 | _a0 | ||
| 490 |
_aLaw Society`s Gazette _v94(13) 3 April 1997, 11 |
||
| 490 |
_aAccountancy Age _v27 March 1997, 3(1) |
||
| 520 | _aAccording to the legal adviser for the 100 Group, much of British business is ill-prepared for economic monetary union (EMU). The 100 group also warns that all UK companies of any reasonable size are going to have to prepare for the single European currency, whether the UK joins or not. | ||
| 650 | _aBUSINESSES | ||
| 650 | _aECONOMIC MONETARY UNION | ||
| 650 | _aEMU | ||
| 650 | _aLEGAL ADVICE | ||
| 650 | _aSINGLE CURRENCY | ||
| 690 | _aEUROPE-SINGLE MARKET | ||
| 942 | _n0 | ||
| 948 | _c09/04/1997 | ||
| 999 |
_c48822 _d48822 |
||